Keep Calm and Watch TV Quiz Stats

Quiz Updated Nov 20, 2017

Challenge
Share
Tweet
Score 0/18 Timer 06:00
1 Play Today
% Correct
The Simpsons
96%
Family Guy
94.4%
Doctor Who
87%
Star Trek
86.7%
Breaking Bad
86.3%
24
83.7%
The X-Files
75.1%
The Big Bang Theory
71.4%
The Incredible Hulk
70%
% Correct
How I Met Your Mother
69.1%
South Park
62%
Dexter
59.5%
The Walking Dead
58.5%
The Office (US)
54.5%
Futurama
45.9%
Arrested Development
42.1%
Archer
16.4%
The Vampire Diaries
15.7%

You're not logged in!

Compare scores with friends on all Sporcle quizzes.
Sign Up with Email
OR
Log In

You Might Also Like...

Show Comments

Extras

Top Quizzes Today


Score Distribution

Your Account Isn't Verified!

In order to create a playlist on Sporcle, you need to verify the email address you used during registration. Go to your Sporcle Settings to finish the process.

Report this User

Report this user for behavior that violates our Community Guidelines.

Details: